000 002250000a22000970004500
100 1 _aChaldran, David
245 1 0 _aTentmaking in India
300 _aVol. 14, Núm 13 (1997), Páginas 149-151
773 0 _tEvangel
942 _cANA
999 _c54167
_d54167